00406 2200169 4500245005000000020002200050250001100072100001000083700001500093650002700108005001900135260002200154041001400176084001100190300002600201336000900227 a100 Macam Penyakit Akibat PolusicHasanhText a978-602-8128-15-5 aCet. 1 aHasan aTim Cahaya aPenyakit akibat Polusi a20230331103435 aBandungbMakrifat aIndonesia a616.02 avi, 130 hlm. :cilus. atext